| 000 | 02101nam a22003737a 4500 | ||
|---|---|---|---|
| 001 | 978 | ||
| 003 | OSt | ||
| 005 | 20210707143347.0 | ||
| 007 | ta | ||
| 008 | 210219e2020 dr |||||r|||| 001 0dspa d | ||
| 020 | _a9789945909890 | ||
| 040 |
_aDO-SdBNP _bspa _cBNPHU |
||
| 041 | _hfre | ||
| 082 | 4 |
_a616.932 _bS462L _222 |
|
| 100 | 1 |
_aSilva Seitenfus, Ricardo Antonio, _d1948- _977872 |
|
| 245 | 1 | 3 |
_aLa ONU y el cólera en Haití / _cRicardo Seitenfus ; traductor, Rosario Carcuro Leone |
| 260 |
_aSanto Domingo : _bFundación Juan Bosch, _c2020. |
||
| 300 |
_a217 p. ; _c22 cm. |
||
| 490 | _a La verdad en manos de los buenos | ||
| 500 | _aIncluye referencias bibliográficas y notas al pie de las paginas. | ||
| 500 | _aIncluye datos biográficos del autor en las solapas | ||
| 504 | _aBibliografía: p. 209-214 | ||
| 505 | 2 |
_aPrimer prefacio : La ONU procesada y condenada / _rMario Joseph -- _rJean-Hugues Henrys. |
|
| 505 | 2 | _aPreámbulo. | |
| 505 | 2 |
_aPresentación a la edición en español / _rMatías Bosch Carcuro -- _tPrimer prefacio: La ONU procesada y condenada / _rMario Joseph _tSegundo prefacio: Catástrofe y desinformación / _rDr. Jean-Hugues Henrys _tPreámbulo -- _tIntroducción -- _t1. Haití y el cólera -- _t2. Los hechos -- _t3. Las consecuencias -- _t4. La impostura de las Naciones Unidas -- _tLas operaciones de mantenimiento de la paz de Naciones Unidas y el derecho -- _tLa responsabilidad legal de Naciones Unidas -- _t7. Las soluciones propuestas -- _tConclusiones -- _tAnexos -- _tEpílogo : la esperanza / _rBrian Concannon Jr. _tBibliografía -- _tLista de siglas y abreviaciones. |
|
| 610 | 2 | 4 |
_aUnited Nations Stabilization Mission in Haiti. _979048 |
| 650 | 4 |
_aCólera _zHaití _xHistoria _ySiglo XXI _979049 |
|
| 650 | 4 |
_aCólera _xAspectos políticos _zHaití _xHistoria _ySiglo XXI _979050 |
|
| 650 | 4 |
_aServicios médicos de urgencias _zHaiti _xCooperación internacional _979051 |
|
| 700 | 1 |
_aCarcuro Leone, Rosario, _etr. _977873 |
|
| 830 |
_a La verdad en manos de los buenos _979135 |
||
| 910 | _aValidado. Control de calidad MFF | ||
| 942 |
_2ddc _cLBS1 |
||
| 999 |
_c49137 _d49137 |
||